000 00730nam a2200229Ia 4500
005 20250508163918.0
008 008 250505s9999 xx 000 0 eng d
020 _a0-631-22331-2
037 _aReference
040 _aFEDL
_beng
_cFEDL
041 _aeng
_2eng
084 _a306.4, WEL
_qFEDL
100 _aWells Gordon Ed.
_9776752
245 0 _aLearning for life in the 21st century: Sociocultural perspectives on the future of education
260 _aGreat Britain, UK
_bBlackwell Publishing
_c2002
300 _avii,304p.
365 _aGBP
_b15.99
650 _aEducational anthropology; Learning
_9776753
700 _a Claxton Guy Ed.
_9776754
942 _cREF
_h306.4, WEL
999 _c1385927
_d1385927